书目信息 |
| 题名: |
有限元基础与ANSYS入门
|
|
| 作者: | 邢静忠 , 王永岗 编著 | |
| 分册: | ||
| 出版信息: | 北京 机械工业出版社 2005.01 |
|
| 页数: | 297页 | |
| 开本: | 26cm | |
| 丛书名: | ANSYS 7.0 应用指导系列丛书 | |
| 单 册: | ||
| 中图分类: | O241.82 | |
| 科图分类: | ||
| 主题词: | 有限元分析--you xian yuan fen xi--应用软件 | |
| 电子资源: | ||
| ISBN: | 7-111-15532-7 | |
| 000 | 01037nam 2200265 450 | |
| 001 | 012006699077 | |
| 005 | 20060921091444.18 | |
| 010 | @a7-111-15532-7@dCNY28.00 | |
| 100 | @a20060625d2005 km y0chiy0120 ea | |
| 101 | 0 | @achi |
| 102 | @aCN@b110000 | |
| 105 | @aa a 000yy | |
| 200 | 1 | @a有限元基础与ANSYS入门@Ayou xian yuan ji chu yu ANSYS ru men@f邢静忠, 王永岗等编著@Fxing jing zhong,wang yong gang deng bian zhu |
| 210 | @a北京@c机械工业出版社@d2005.01 | |
| 215 | @a297页@c图@d26cm | |
| 225 | 2 | @aANSYS 7.0 应用指导系列丛书@AANSYS 7.0 ying yong zhi dao xi lie cong shu |
| 320 | @a有书目。 | |
| 330 | @a本书以结构分析为主要内容,围绕杆、梁、弹性力学平面问题和空间问题、平板弯曲问题,系统地介绍了有限元位移动法的基本思想和编程实现步骤等。 | |
| 410 | 0 | @12001 @aANSYS 7.0 应用指导系列丛书 |
| 606 | 0 | @a有限元分析@Ayou xian yuan fen xi@x应用软件 |
| 690 | @aO241.82@v4 | |
| 701 | 0 | @a邢静忠@Axing jing zhong@4编著 |
| 701 | 0 | @a王永岗@Awang yong gang@4编著 |
| 801 | 0 | @aCN@bQSSK@c20060921 |
| 905 | @a10447@dO241.82@eX610 | |
| 有限元基础与ANSYS入门/邢静忠, 王永岗等编著.-北京:机械工业出版社,2005.01 |
| 297页:图;26cm.-(ANSYS 7.0 应用指导系列丛书) |
| ISBN 7-111-15532-7:CNY28.00 |
| 本书以结构分析为主要内容,围绕杆、梁、弹性力学平面问题和空间问题、平板弯曲问题,系统地介绍了有限元位移动法的基本思想和编程实现步骤等。 |
| ● |
| 相关链接 |
|
|
|
正题名:有限元基础与ANSYS入门
索取号:O241.82/X610
 
预约/预借
| 序号 | 登录号 | 条形码 | 馆藏地/架位号 | 状态 | 备注 |
| 1 | 591182 | 205911824 | 自科库401/401自科库 80排1列1层/ [索取号:O241.82/X610] | 在馆 | |
| 2 | 591183 | 205911833 | 自科库401/401自科库 80排1列1层/ [索取号:O241.82/X610] | 在馆 | |
| 3 | 591184 | 205911842 | 自科库401/401自科库 80排1列1层/ [索取号:O241.82/X610] | 在馆 |